| 000 | 00612nam a2200181 i 4500 | ||
|---|---|---|---|
| 001 | 24865 | ||
| 003 | ES-MaACL | ||
| 005 | 20250828080357.0 | ||
| 007 | t| | ||
| 008 | 021219s1972 sp ||||1| spa d | ||
| 100 | 1 |
_aAparisi Laporta, Antonio. _922082 |
|
| 245 | 1 | 0 |
_aInvitación a la fé _b: constante para una pedagogía catequética / _cAntonio Aparisi Laporta. |
| 260 |
_aMadrid : _bInstituto Calasanz Ciencias de la Educación, _c1972. |
||
| 300 |
_a214 p. ; _c23 cm. |
||
| 710 | 2 |
_aInstituto Calasanz de Ciencias de la Educación _94804 |
|
| 852 |
_aES-MaACL _jC-44176 _bR.81674 |
||
| 999 |
_c24865 _d24865 |
||